000 00519nam a2200217Ia 4500
008 101110s9999 xx 000 0 und d
041 _aENGLISH
082 _bJR4983
100 _aNaik S.J., Vithalkar L.G. & others
245 _aChemistry Std. XI
260 _c2006
_bPhadake Praqkashan, Pune
300 _a283
365 _b52
520 _aChemistry
546 _aENGLISH
630 _aChemistry Std. XI
650 _aChemistry
655 _aChemistry
730 _aChemistry Std. XI
942 _cBOOK
999 _c795790
_d795787